000 00566nam a2200181Ia 4500
008 140110s9999 xx 000 0 und d
020 _a9780070591196
_cRs.215.00
040 _aLoreto College
041 _aEnglish
082 _a005.74/INS
_bLCLIB/47396
245 _aIntroduction to database management systems
_cInstructional Software Research and Development(ISRD Group)
260 _aNew Delhi
_bTata McGraw-Hill
_c2009
300 _axxi,338p
_c22cm
504 _aIncludes index
650 _aDatabase management
850 _aLCLIB/005.74/INS
942 _cBK
999 _c35862
_d86341